000 01283nam a2200385 c 4500
001 9153
003 ES-MaCES
005 20151230144526.0
008 990629s1999 sp f000 | spa d
017 _aM 14532-1998
_bDL
020 _a8489324425
035 _aCES19990010809m
040 _aES-MaCES
_bspa
_cES-MaCES
245 0 0 _aDerechos de las minorías en una sociedad multicultural
_cdirector, Javier de Lucas Martín
260 _aMadrid
_bConsejo General del Poder Judicial
_c1999
300 _a312 p.
_c22 cm
490 1 _aCuadernos de derecho judicial
_v11-1998
504 _aBibliografía
541 _cGratuito
650 4 _agrupo minoritario
_927311
650 4 _agrupo étnico
_928524
650 4 _adiscriminación
_927180
650 4 _asociedad
_927269
650 4 _aderechos humanos
_927171
650 4 _aderechos culturales
_929871
650 4 _alibertad religiosa
_927179
650 4 _aigualdad de oportunidades
_927183
653 1 0 _aDerecho civil
700 1 _aFrancisco Javier de Lucas Martín
_edir.
_917107
710 1 _aEspaña
_bConsejo General del Poder Judicial
_eed.
_92750
830 0 _aCuadernos de derecho judicial
_v11-1998
_932957
902 _aLIB Libro
942 _2CES
_cBK
_h6.0.7.
999 _c9153
_d9153